Currency Swaps (Record no. 342743)
[ view plain ]
| 000 -LEADER | |
|---|---|
| fixed length control field | 00253 a2200121 4500 |
| 020 ## - INTERNATIONAL STANDARD BOOK NUMBER | |
| International Standard Book Number | 0852974361 |
| 090 ## - LOCALLY ASSIGNED LC-TYPE CALL NUMBER (OCLC); LOCAL CALL NUMBER (RLIN) | |
| -- | 169 |
| -- | 169 |
| 100 ## - MAIN ENTRY--PERSONAL NAME | |
| Personal name | Brain Coyle |
| 245 ## - TITLE STATEMENT | |
| Title | Currency Swaps |
| 260 ## - PUBLICATION, DISTRIBUTION, ETC. | |
| Place of publication, distribution, etc. | Canterbury |
| 300 ## - PHYSICAL DESCRIPTION | |
| Extent | 122 P |
| 942 ## - ADDED ENTRY ELEMENTS (KOHA) | |
| Institution code [OBSOLETE] | NBS |
| Koha item type | Book |
| Call number prefix | 658.15 COY |
| Withdrawn status | Lost status | Damaged status | Not for loan | Permanent Location | Current Location | Date acquired | Full call number | Barcode | Date last seen | Price effective from | Koha item type |
|---|---|---|---|---|---|---|---|---|---|---|---|
| Central Library (CL) | Central Library (CL) | 08/28/2013 | 658.15 COY | NBS5233 | 08/28/2013 | 08/28/2013 | Reference |
